Wszystkie miasta województwa świętokrzyskiego na mapie - Statystyki

Ogólne statystyki
  • Ten quiz został rozwiązany 5 998 razy
    5 824 od ostatniego zresetowania
  • Średni wynik to 22 z 51
Odpowiedzi na mapie
Odpowiedzi zakodowano w zielono-czerwonej skali na mapie do tego quizu, zgodnie z poniższymi procentami.
 
Statystyki odpowiedzi
Miasto % Poprawnych
Kielce
99%
Ostrowiec Świętokrzyski
81%
Sandomierz
81%
Starachowice
76%
Skarżysko-Kamienna
75%
Jędrzejów
70%
Busko-Zdrój
69%
Opatów
68%
Końskie
67%
Włoszczowa
63%
Pińczów
61%
Staszów
59%
Kazimierza Wielka
55%
Chęciny
52%
Wąchock
43%
Pacanów
42%
Opatowiec
41%
Suchedniów
40%
Bodzentyn
39%
Ćmielów
39%
Daleszyce
39%
Morawica
39%
Nowa Słupia
39%
Sędziszów
39%
Chmielnik
38%
Małogoszcz
38%
Połaniec
38%
Ożarów
37%
Łagów
36%
Wiślica
35%
Szydłów
34%
Stąporków
33%
Wodzisław
32%
Zawichost
32%
Klimontów
31%
Kunów
31%
Skalbmierz
31%
Nowy Korczyn
30%
Piekoszów
30%
Osiek
29%
Iwaniska
28%
Koprzywnica
28%
Łopuszno
28%
Radoszyce
28%
Stopnica
28%
Działoszyce
27%
Bogoria
26%
Oleśnica
25%
Gowarczów
24%
Pierzchnica
24%
Sobków
23%
Nie znaleziono quizów pasujących do podanych kryteriów
Rozkład punktacji
Procent ludzi z każdym wynikiem
Percentyl według liczby udzielonych odpowiedzi
Twoja historia wyników
Nie rozwiązałeś tego quizu od ostatniego zresetowania